| 000 | 01338cam a2200313 a 4500 | ||
|---|---|---|---|
| 999 |
_c9209 _d9209 |
||
| 001 | 27975941 | ||
| 003 | OCoLC | ||
| 005 | 20241126110707.0 | ||
| 008 | 930330s1993 ilu b 001 0 eng | ||
| 010 | _a 93004015 | ||
| 020 | _a0891077367 | ||
| 020 | _a9780891077367 | ||
| 035 | _a(OCoLC)27975941 | ||
| 040 |
_aDLC _cDLC _dBAKER _dBTCTA _dYDXCP _dOCLCG _dHNW |
||
| 050 | 0 | 0 |
_aHM216 _b.F4 1993 |
| 082 | 0 | 0 |
_a241 _220 _bFEI |
| 092 |
_a170 _bF2992 |
||
| 100 | 1 |
_aFeinberg, John S., _d1946- _916017 |
|
| 245 | 1 | 0 |
_aEthics for a Brave new world / _cJohn S. Feinberg & Paul D. Feinberg. |
| 260 |
_aWheaton, Ill. : _bCrossway Books, _cc1993. |
||
| 300 |
_a479 p. ; _c23 cm. |
||
| 504 | _aIncludes bibliographical references and indexes. | ||
| 505 | 0 | _aMoral decision-making and the Christian -- Abortion -- Abortion and special problems -- Euthanasia -- Capital punishment -- Sexual morality -- Birth control -- Homosexuality -- Genetic engineering : reproductive technologies -- Genetic engineering and genes -- Divorce and remarriage -- The Christian and war : Christian faith in a nuclear age -- The Christian and the secular state. | |
| 650 | 0 |
_aSocial ethics. _9171 |
|
| 650 | 0 |
_aChristian ethics. _968 |
|
| 700 | 1 |
_aFeinberg, Paul D. _916018 |
|
| 700 | 1 |
_aHuxley, Aldous, _d1894-1963. _tBrave new world. _916019 |
|
| 942 |
_2ddc _cBK _014 |
||